000 00617nam a2200253Ia 4500
003 OSt
005 20221007100621.0
006 a|||||r|||| 00| 0
007 ta
008 221006b |||||||| |||| 00| 0 eng d
024 _a4,753
037 _cTextual
040 _aLCO
_cLCO
_beng
041 _2eng
_aeng
082 _aZ2,94, P2
100 _aPande G.S.
_9681572
245 0 _aLaw of Evidence
250 _a4th
260 _aAllahabad
_bAllahabad law agency India
_c2002
300 _a360
650 _aEVIDENCE
942 _hZ2,94, P2
_cTEXL
999 _c1174316
_d1174316